000 00438cam a2200169ua 4500
020 _c15.00
041 _amal
_h
082 _a334.01
_bPIL/SA
100 _aPillai, G R.
245 _aSahakaranavum samuhya vikasanavum /
_cG R Pillai.
_hTextual Documents
260 _aThiruvananthapuram :
_bState Instititute of Languages ,
_c1970.
300 _a520 ; .
365 _a15.00
504 _a
942 _cBK
999 _c4636
_d4636